Saurait vous trouver les cols mytique du Tour de France ? - Statistics

General Stats
  • This quiz has been taken 11 times
  • The average score is 5 of 11
Answer Stats
Hint Répondre % Correct
1912m/Vaucluse Mont Ventoux
78%
2115m/Hautes Pyrénées Col du Tourmalet
67%
1465m/Puy de Dôme Puy de Dôme
67%
2770m/Savoie Col de l'Iseran
56%
2642m/Savoie-Hautes Alpes Col du Galibier
56%
2360m/Hautes Alpes Col d'Izoard
44%
2067m/Savoie Col de la croix de fer
33%
1803m/Isère Alpes d'Huez
22%
1489/Hautes Pyrénées Col d'Aspin
22%
1569m/Hautes Garonne Col de Peyresourde
11%
1498m/Ain Col du grand Colombier
11%
No matching quizzes found
Score Distribution
Percent of People with Each Score
Percentile by Number Answered
Your Score History
You have not taken this quiz